Quick Division Mad Minute - Sudden Death - Statistics

General Stats
  • This quiz has been taken 118,782 times
  • The average score is 15 of 50
Answer Stats
Hint Answer % Correct
10÷10 1
31%
14÷7 2
31%
4÷2 2
31%
9÷3 3
31%
16÷4 4
31%
8÷2 4
31%
40÷10 4
31%
25÷5 5
31%
15÷3 5
31%
10÷2 5
31%
50÷10 5
31%
12÷2 6
31%
60÷10 6
31%
21÷3 7
31%
14÷2 7
31%
80÷10 8
31%
18÷9 2
30%
12÷6 2
30%
10÷5 2
30%
8÷4 2
30%
6÷3 2
30%
20÷10 2
30%
27÷9 3
30%
21÷7 3
30%
15÷5 3
30%
12÷4 3
30%
6÷2 3
30%
3÷1 3
30%
30÷10 3
30%
20÷5 4
30%
12÷3 4
30%
4÷1 4
30%
30÷6 5
30%
5÷1 5
30%
36÷6 6
30%
30÷5 6
30%
18÷3 6
30%
6÷1 6
30%
49÷7 7
30%
7÷1 7
30%
70÷10 7
30%
16÷2 8
30%
8÷1 8
30%
81÷9 9
30%
18÷2 9
30%
9÷1 9
30%
90÷10 9
30%
16÷8 2
29%
32÷8 4
29%
28÷7 4
29%
24÷6 4
29%
40÷8 5
29%
35÷7 5
29%
20÷4 5
29%
24÷4 6
29%
63÷9 7
29%
35÷5 7
29%
64÷8 8
29%
40÷5 8
29%
32÷4 8
29%
24÷3 8
29%
45÷5 9
29%
27÷3 9
29%
2÷1 2
28%
18÷6 3
28%
36÷9 4
28%
45÷9 5
28%
42÷7 6
28%
42÷6 7
28%
72÷9 8
28%
63÷7 9
28%
24÷8 3
27%
54÷9 6
27%
48÷8 6
27%
56÷8 7
27%
28÷4 7
27%
56÷7 8
27%
48÷6 8
27%
72÷8 9
27%
36÷4 9
26%
54÷6 9
23%
No matching quizzes found
Score Distribution
Percent of People with Each Score
Percentile by Number Answered
Your Score History
You have not taken this quiz